Una mirada a nuestro mundo 50 años en el futuro /
Saved in:
| Format: | Book |
|---|---|
| Published: |
Tennessee :
Grupo Nelson,
c2008.
|
| LEADER | 00355nam a22001097a 4500 | ||
|---|---|---|---|
| 003 | AR-BeUNQ | ||
| 005 | 20191121181425.0 | ||
| 999 | |c 32619 |d 116419 | ||
| 245 | |a Una mirada a nuestro mundo 50 años en el futuro / |c Mike Wallace, Bill Adler. | ||
| 260 | |a Tennessee : |b Grupo Nelson, |c c2008. | ||
| 929 | |a DONACION |b Lucas Motta |d 250,00 |e 20191030 |f PAT0074233 |h 1 |o PR |g 3544 | ||
| 942 | |c LIB |n 1 | ||